00622pam a2200169 a 4500020001500000040000800015082002600023110003100049245016100080260005800241300004200299650003200341650002500373650001300398700001900411700002200430 a981020258X cDLC00a539 WSN 1990 C147 Or.2 aAmerican Physical Society.10aProceedings of the Rice meeting :b1990 Meeting of the Division of Particles and Fields of the American Physical Society, Houston, Texas, 3-6 January 1990 / aSingapore ;aTeaneck, NJ :bWorld Scientific,cc1990. a2 v. (xiii, 1108 p. :bill. ;c23 cm. 0aParticles (Nuclear physics) 0aQuantum field theory 0aZ bosons1 aBonner, Billy.1 aMiettinen, Hannu.